Mujeres y recursos naturales liberando el potencial para la consolidación de la paz. (Registro nro. 20822)
[ vista simple ]
| 000 -CABECERA | |
|---|---|
| Campo de control | 01237nam a22002897a 4500 |
| 005 - FECHA Y HORA DE LA ULTIMA TRANSACCION | |
| Campo de control | 20200207160853.0 |
| 008 - ELEMENTOS DE LONGITUD FIJA—INFORMACION GENERAL | |
| Campo de control | 200207b xxu||||| |||| 00| 0 spa d |
| 020 ## - ISBN | |
| ISBN | 9789280733617 |
| 040 ## - FUENTE DE CATALOGACIÓN | |
| Agencia catalogadora original | CO-BoIAVH |
| Agencia transcriptora | CO-BoIAVH |
| 041 ## - IDIOMA | |
| Código de idioma para texto/pista de sonido o título separado | Español |
| 044 ## - PAÍS DE PUBLICACIÓN | |
| País de publicación | Colombia |
| 082 ## - NUMERO DE CLASIFICACION DECIMAL DEWEY | |
| Número de clasificación | 333.709861 |
| Número del ítem | P74m |
| 110 ## - ASIENTO PRINCIPAL--NOMBRE CORPORATIVO | |
| 9 (RLIN) | 101740 |
| Nombre corporativo o de jurisdicción como elemento de entrada | Programa de las naciones unidas para el medio ambiente(PNUMA) |
| 245 ## - MENCION DE TITULO | |
| Título | Mujeres y recursos naturales liberando el potencial para la consolidación de la paz. |
| 260 ## - PUBLICACION, DISTRIBUCION, ETC. (PIE DE IMPRENTA) | |
| Lugar de publicación, distribución, etc. | : |
| Nombre del editor, distribuidor, etc. | PNUMA, |
| Fecha de publicación, distribución, etc. | 2013. |
| 300 ## - DESCRIPCION FISICA | |
| Extensión | 85 Páginas: |
| Otros detalles físicos | fotografías y gráficos, |
| Dimensiones | 28 x 22 cm. |
| 546 ## - NOTA DE IDIOMA | |
| Nota de idioma | Traducción realizada en 2019 en el marco del proyecto "Apoyando el proceso de construcción de paz en Colombia a través del fortalecimiento de la participación de las mujeres en la gobernanza de los recursos naturales" |
| 650 #0 - ASIENTO SECUNDARIO DE MATERIA - TERMINO TEMATICO | |
| 9 (RLIN) | 102585 |
| Término temático o nombre geográfico como elemento de entrada | gestión de recursos naturales |
| 650 #0 - ASIENTO SECUNDARIO DE MATERIA - TERMINO TEMATICO | |
| 9 (RLIN) | 63692 |
| Término temático o nombre geográfico como elemento de entrada | Consolidación de la paz |
| 650 #0 - ASIENTO SECUNDARIO DE MATERIA - TERMINO TEMATICO | |
| 9 (RLIN) | 3702 |
| Término temático o nombre geográfico como elemento de entrada | Comunidades rurales |
| 650 #0 - ASIENTO SECUNDARIO DE MATERIA - TERMINO TEMATICO | |
| 9 (RLIN) | 46993 |
| Término temático o nombre geográfico como elemento de entrada | Conflictos sociales |
| 650 #0 - ASIENTO SECUNDARIO DE MATERIA - TERMINO TEMATICO | |
| 9 (RLIN) | 102590 |
| Término temático o nombre geográfico como elemento de entrada | participación social |
| Subdivisión de forma | Mujeres |
| 710 ## - ASIENTO SECUNDARIO - NOMBRE CORPORATIVO | |
| 9 (RLIN) | 102586 |
| Nombre corporativo o de jurisdicción como elemento de entrada | ONU mujeres |
| 710 ## - ASIENTO SECUNDARIO - NOMBRE CORPORATIVO | |
| 9 (RLIN) | 33922 |
| Nombre corporativo o de jurisdicción como elemento de entrada | Programa de las Naciones Unidas para el Desarrollo (PNUD) |
| 710 ## - ASIENTO SECUNDARIO - NOMBRE CORPORATIVO | |
| 9 (RLIN) | 102588 |
| Nombre corporativo o de jurisdicción como elemento de entrada | ONU medio ambiente |
| 942 ## - ELEMENTOS ADICIONALES (KOHA) | |
| Sistema de clasificación | Dewey Decimal Classification |
| Tipo de ítem | Libro |
| Withdrawn status | Lost status | Sistema de Clasificación | Damaged status | No para préstamo | Colección | Ubicación Permanente | Ubicación actual | Fecha de adquisición | Total Checkouts | Número topográfico | Inventario / Código de Barras | Date last seen | Ejemplar | Price effective from | Forma de adquisición | Tipo de material |
|---|---|---|---|---|---|---|---|---|---|---|---|---|---|---|---|---|
| Dewey Decimal Classification | General | Bogotá | Bogotá | 07/02/2020 | LB-333.709861 P74m | 044175 | 07/02/2020 | Ej. 1 | 07/02/2020 | Canje | Libro |